000 00572nam a2200181Ia 4500
008 090630s9999 xx 000 0 und d
082 _b25554
100 _aइनामदार ना. स.
245 _aधांडोळा.
_cइनामदार ना. स.
260 _bकॉन्टीनेंटल.
_c2003
300 _a103
600 _aइनामदार ना. स.
630 _aधांडोळा.
655 _aलघुकथा.
700 _aइनामदार ना. स.
730 _aधांडोळा.
942 _cBOOK
999 _c277410
_d277410